[Event "68. Unterfränkische Einzelmeisterschaft 2017"]
[Site "Sailauf in Ufr."]
[Date "2017.04.18"]
[Round "3.8"]
[White "Markert, Markus"]
[Black "Elbert, Thomas"]
[Result "1-0"]
[BlackElo "1756"]
[WhiteElo "1992"]
[LiveChessVersion "1.4.8"]

1. d4 {[%clk 1:30:54]} Nf6 {[%clk 1:30:51]} 2. Nf3 {[%clk 1:31:16]} e6
{[%clk 1:31:05]} 3. Bf4 {[%clk 1:31:28]} Be7 {[%clk 1:30:11]} 4. e3
{[%clk 1:31:47]} b6 {[%clk 1:29:34]} 5. Nbd2 {[%clk 1:32:09]} Bb7
{[%clk 1:29:34]} 6. Bd3 {[%clk 1:32:28]} d6 {[%clk 1:28:39]} 7. c3
{[%clk 1:32:05]} Nbd7 {[%clk 1:28:36]} 8. Qc2 {[%clk 1:29:51]} h6
{[%clk 1:25:45]} 9. h3 {[%clk 1:28:51]} c5 {[%clk 1:21:40]} 10. dxc5
{[%clk 1:27:24]} Nxc5 {[%clk 1:20:22]} 11. Bb5+ {[%clk 1:27:14]} Kf8
{[%clk 1:18:16]} 12. Bh2 {[%clk 1:20:03]} a6 {[%clk 1:15:42]} 13. Be2
{[%clk 1:15:54]} b5 {[%clk 1:12:30]} 14. Nb3 {[%clk 1:13:17]} Nfd7
{[%clk 1:09:42]} 15. Rd1 {[%clk 1:12:04]} Be4 {[%clk 1:05:37]} 16. Qd2
{[%clk 1:12:04]} Nxb3 {[%clk 1:04:52]} 17. axb3 {[%clk 1:12:11]} d5
{[%clk 1:04:00]} 18. b4 {[%clk 1:11:11]} Nb6 {[%clk 1:01:54]} 19. Be5
{[%clk 1:05:47]} Nc4 {[%clk 0:54:49]} 20. Bxc4 {[%clk 1:06:04]} bxc4
{[%clk 0:53:38]} 21. Ra1 {[%clk 1:05:08]} Bf6 {[%clk 0:50:57]} 22. Qd4
{[%clk 1:01:03]} Kg8 {[%clk 0:47:32]} 23. Ra5 {[%clk 0:57:54]} Kh7
{[%clk 0:43:12]} 24. Kd2 {[%clk 0:57:12]} Bxf3 {[%clk 0:35:58]} 25. gxf3
{[%clk 0:57:29]} Bxe5 {[%clk 0:35:55]} 26. Qxe5 {[%clk 0:56:50]} Qb6
{[%clk 0:34:19]} 27. Rg1 {[%clk 0:55:25]} Rhg8 {[%clk 0:33:59]} 28. h4
{[%clk 0:52:09]} Ra7 {[%clk 0:32:03]} 29. h5 {[%clk 0:52:08]} f6 {[%clk 0:27:49]}
30. Qd4 {[%clk 0:46:48]} Qc7 {[%clk 0:21:00]} 31. Ke2 {[%clk 0:40:52]} Rd8
{[%clk 0:19:10]} 32. Rga1 {[%clk 0:39:55]} e5 {[%clk 0:18:41]} 33. Qc5
{[%clk 0:31:27]} Qd7 {[%clk 0:15:20]} 34. Rd1 {[%clk 0:22:01]} Raa8
{[%clk 0:15:43]} 35. Rxd5 {[%clk 0:19:29]} Qf5 {[%clk 0:15:53]} 36. e4
{[%clk 0:17:16]} Qg5 {[%clk 0:14:35]} 37. Qxc4 {[%clk 0:16:59]} Qc1
{[%clk 0:14:25]} 38. Qd3 {[%clk 0:15:04]} Rxd5 {[%clk 0:12:01]} 39. exd5+
{[%clk 0:15:16]} Kh8 {[%clk 0:12:21]} 40. Qd2 {[%clk 0:14:57]} Qb1
{[%clk 0:12:30]} 41. d6 {[%clk 0:14:03]} e4 {[%clk 0:12:51]} 42. f4
{[%clk 0:12:53]} Qh1 {[%clk 0:12:45]} 43. Qe3 {[%clk 0:11:05]} Qb1
{[%clk 0:12:16]} 44. d7 {[%clk 0:05:04]} Rd8 {[%clk 0:11:54]} 45. Rd5
{[%clk 0:05:22]} Qxb2+ {[%clk 0:12:18]} 46. Rd2 {[%clk 0:04:48]} Qb1
{[%clk 0:12:02]} 47. f3 {[%clk 0:26:37]} f5 {[%clk 0:42:36]} 48. fxe4
{[%clk 0:26:54]} fxe4 {[%clk 0:42:57]} 49. Rd1 {[%clk 0:15:36]} Qb2+
{[%clk 0:42:57]} 50. Qd2 {[%clk 0:14:10]} Qb3 {[%clk 0:42:50]} 51. Qd5
{[%clk 0:09:07]} Qc2+ {[%clk 0:36:43]} 52. Rd2 {[%clk 0:08:43]} Qb1
{[%clk 0:33:32]} 53. Qe5 {[%clk 0:08:49]} 1-0

[Event "68. Unterfränkische Einzelmeisterschaft 2017"]
[Site "Sailauf in Ufr."]
[Date "2017.04.19"]
[Round "4.1"]
[White "Kuhn, Tobias"]
[Black "Hofstetter, Hans-Joachim"]
[Result "1/2-1/2"]
[BlackElo "2243"]
[WhiteElo "2207"]
[LiveChessVersion "1.4.8"]

1. c4 {[%clk 1:30:56]} c6 {[%clk 1:30:45]} 2. Nf3 {[%clk 1:30:53]} Nf6
{[%clk 1:31:03]} 3. b3 {[%clk 1:29:19]} g6 {[%clk 1:31:22]} 4. Bb2 d5 5. e3 Bg7
6. Be2 O-O 7. O-O Bg4 8. h3 Bxf3 9. Bxf3 Re8 10. d3 e5 11. Nc3 e4 12. dxe4 Nxe4
13. Qc2 Nxc3 14. Bxc3 Bxc3 15. Qxc3 dxc4 16. Rfd1 Qe7 17. Qxc4 Nd7 18. Be2 Nb6
19. Qc2 Rad8 20. Rxd8 Rxd8 21. Rd1 Rxd1+ 22. Qxd1 Qd7 23. Qxd7 Nxd7 24. Kf1 Kf8
25. Ke1 Ke7 26. Kd2 Kd6 27. Kc3 1/2-1/2

[Event "68. Unterfränkische Einzelmeisterschaft 2017"]
[Site "Sailauf in Ufr."]
[Date "2017.04.19"]
[Round "4.2"]
[White "Braeutigam, Thomas"]
[Black "Amtmann, Florian"]
[Result "0-1"]
[BlackElo "2047"]
[WhiteElo "2069"]
[LiveChessVersion "1.4.8"]

1. Nf3 d6 2. d4 Nf6 3. c4 g6 4. Nc3 Bg7 5. g3 O-O 6. Bg2 Nbd7 7. O-O e5 8. e3 Re8
9. b3 c6 10. Ba3 Qa5 11. Qc1 e4 12. Nd2 d5 13. cxd5 cxd5 14. Qb2 Bf8 15. Bxf8
Nxf8 16. a4 Bd7 17. Rfc1 h5 18. Bf1 a6 19. b4 Qd8 20. Nb3 Ne6 21. Nc5 Bc8 22. a5
Ng5 23. N3a4 Nf3+ 24. Kh1 Rb8 25. Nb6 Bf5 26. Nb3 h4 27. Bg2 Kg7 28. Nd2 hxg3 29.
fxg3 Qd6 30. Nxf3 exf3 31. Bxf3 Rxe3 32. Bg2 Rh8 33. Kg1 Rxh2 34. Kxh2 Qxg3+ 35.
Kg1 Ng4 36. Nxd5 Qh2+ 37. Kf1 Bd3+ 0-1

[Event "68. Unterfränkische Einzelmeisterschaft 2017"]
[Site "Sailauf in Ufr."]
[Date "2017.04.19"]
[Round "4.3"]
[White "Schricker, Jochen"]
[Black "Gould, Charles"]
[Result "1-0"]
[BlackElo "2006"]
[WhiteElo "2014"]
[LiveChessVersion "1.4.8"]

1. b3 {[%clk 1:30:59]} Nf6 {[%clk 1:29:03]} 2. g3 {[%clk 1:31:14]} g6
{[%clk 1:26:11]} 3. Bb2 {[%clk 1:31:43]} Bg7 {[%clk 1:26:33]} 4. Bg2
{[%clk 1:32:04]} O-O {[%clk 1:25:15]} 5. d3 {[%clk 1:29:20]} d5 {[%clk 1:23:06]}
6. Nd2 {[%clk 1:29:22]} c5 {[%clk 1:21:02]} 7. e3 {[%clk 1:29:25]} Nc6
{[%clk 1:21:06]} 8. Ne2 {[%clk 1:29:50]} e5 {[%clk 1:19:53]} 9. O-O
{[%clk 1:30:09]} Be6 10. h3 Qd7 11. Kh2 Rae8 {[%clk 1:15:08]} 12. a3
{[%clk 1:27:02]} Nh5 {[%clk 1:12:15]} 13. e4 {[%clk 1:26:55]} d4 {[%clk 1:11:29]}
14. f4 {[%clk 1:26:08]} f5 {[%clk 1:04:58]} 15. exf5 {[%clk 1:23:14]} Bxf5
{[%clk 1:04:52]} 16. g4 {[%clk 1:10:05]} Bxg4 {[%clk 1:05:09]} 17. hxg4
{[%clk 1:10:34]} Qxg4 {[%clk 1:05:14]} 18. Bh3 {[%clk 1:10:52]} Qh4
{[%clk 1:03:18]} 19. Qe1 {[%clk 0:52:23]} Qxe1 {[%clk 0:57:04]} 20. Raxe1
{[%clk 0:52:37]} exf4 {[%clk 0:56:08]} 21. Ne4 {[%clk 0:49:48]} Be5
{[%clk 0:52:32]} 22. Kg2 {[%clk 0:48:42]} b6 {[%clk 0:49:21]} 23. Bd7
{[%clk 0:44:54]} f3+ {[%clk 0:49:29]} 24. Rxf3 {[%clk 0:45:12]} Rxf3
{[%clk 0:49:44]} 25. Kxf3 {[%clk 0:45:37]} Rf8+ {[%clk 0:50:04]} 26. Kg2
{[%clk 0:45:39]} Ne7 {[%clk 0:48:23]} 27. Bc1 {[%clk 0:45:57]} Kg7
{[%clk 0:47:03]} 28. Ng5 {[%clk 0:43:52]} Rf6 {[%clk 0:42:36]} 29. Nxd4 Nf4+
{[%clk 0:40:31]} 30. Bxf4 {[%clk 0:35:39]} Bxf4 {[%clk 0:40:07]} 31. Rxe7+
{[%clk 0:34:15]} Kh6 32. Rxh7+ {[%clk 0:34:44]} Kxg5 33. Nf3# 1-0

[Event "68. Unterfränkische Einzelmeisterschaft 2017"]
[Site "Sailauf in Ufr."]
[Date "2017.04.19"]
[Round "4.4"]
[White "Helgert, Johannes"]
[Black "Kunz, Konstantin"]
[Result "1-0"]
[BlackElo "2199"]
[WhiteElo "2036"]
[LiveChessVersion "1.4.8"]

1. d4 {[%clk 1:30:57]} Nf6 {[%clk 1:30:46]} 2. c4 {[%clk 1:31:24]} e6
{[%clk 1:31:06]} 3. Nc3 {[%clk 1:31:50]} Bb4 {[%clk 1:31:24]} 4. f3
{[%clk 1:32:14]} c5 {[%clk 1:31:06]} 5. d5 {[%clk 1:32:42]} b5 {[%clk 1:31:25]}
6. e4 {[%clk 1:33:02]} bxc4 {[%clk 1:30:33]} 7. Bxc4 {[%clk 1:33:29]} Ba6
{[%clk 1:30:45]} 8. Qd3 {[%clk 1:30:07]} Bxc4 {[%clk 1:26:37]} 9. Qxc4
{[%clk 1:29:53]} exd5 {[%clk 1:27:00]} 10. exd5 {[%clk 1:30:01]} O-O
{[%clk 1:22:59]} 11. Nge2 {[%clk 1:28:43]} d6 {[%clk 1:19:45]} 12. Bg5
{[%clk 1:23:08]} Nbd7 {[%clk 1:18:19]} 13. O-O {[%clk 1:13:20]} h6
{[%clk 1:15:47]} 14. Bf4 {[%clk 1:06:05]} Nb6 {[%clk 1:14:13]} 15. Qd3
{[%clk 1:02:49]} c4 {[%clk 1:14:27]} 16. Qf5 {[%clk 1:02:33]} Re8
{[%clk 1:07:50]} 17. Rad1 {[%clk 1:00:17]} Nbd7 {[%clk 0:54:43]} 18. Ne4 Nxe4
{[%clk 0:54:43]} 19. fxe4 g6 {[%clk 0:54:43]} 20. Qh3 g5 {[%clk 0:54:43]} 21.
Qxh6 Bc5+ {[%clk 0:54:43]} 22. Kh1 Qf6 {[%clk 0:54:43]} 23. Qxf6 Nxf6
{[%clk 0:54:43]} 24. Bxd6 Bxd6 {[%clk 0:54:43]} 25. Rxf6 Be5 {[%clk 0:54:43]} 26.
Rc6 Rab8 {[%clk 0:54:43]} 27. d6 Rxb2 {[%clk 0:54:43]} 28. d7 Rd8
{[%clk 0:54:43]} 29. Rc8 Rb8 {[%clk 0:54:43]} 30. Rxc4 Kf8 {[%clk 0:54:43]} 31.
g3 Ke7 {[%clk 0:54:43]} 32. Rc5 f6 {[%clk 0:54:43]} 33. Rcd5 Rb2 {[%clk 0:54:43]}
34. Nc1 Bc7 {[%clk 0:54:43]} 35. Nd3 Rc2 {[%clk 0:54:43]} 36. Nb4 Rc4
{[%clk 0:54:43]} 37. R5d4 Rxd4 {[%clk 0:54:43]} 38. Rxd4 Ke6 {[%clk 0:54:43]} 39.
Nc6 Rxd7 {[%clk 0:54:43]} 40. Rxd7 Kxd7 {[%clk 0:54:43]} 41. Nxa7 g4
{[%clk 0:54:43]} 42. Kg2 Ke6 {[%clk 0:54:43]} 43. Nc6 Kd6 {[%clk 0:54:43]} 44.
Nb4 Bb6 {[%clk 0:54:43]} 45. Nd3 Ke6 {[%clk 0:54:43]} 46. a4 Bc7 {[%clk 0:54:43]}
47. Kf2 Bb6+ {[%clk 0:54:43]} 48. Ke2 f5 {[%clk 0:54:43]} 49. exf5+ Kxf5
{[%clk 0:54:43]} 50. Nb2 Ke4 {[%clk 0:54:43]} 51. Nc4 Bg1 {[%clk 0:54:43]} 52. a5
Bd4 {[%clk 0:54:43]} 53. a6 Bg1 {[%clk 0:54:43]} 54. Kf1 Bc5 {[%clk 0:54:43]} 55.
Na5 Kd5 {[%clk 0:54:43]} 56. Kg2 Bb6 {[%clk 0:54:43]} 57. Nb3 Be3
{[%clk 0:54:43]} 58. Nc1 Ke4 {[%clk 0:54:43]} 59. Ne2 Kd5 {[%clk 0:54:43]} 60.
Nc3+ Kc6 {[%clk 0:54:43]} 61. Nd1 Bd4 {[%clk 0:54:43]} 62. Nf2 Kb6
{[%clk 0:54:43]} 63. Nxg4 Kxa6 {[%clk 0:54:43]} 64. Kf3 Kb7 {[%clk 0:54:43]} 65.
Ke4 Bb2 {[%clk 0:54:43]} 66. h4 Kc7 {[%clk 0:54:43]} 67. Ne5 Kd8 {[%clk 0:54:43]}
68. g4 Ke7 {[%clk 0:54:43]} 69. Kf5 Kf8 {[%clk 0:54:43]} 70. g5 Kg7
{[%clk 0:54:43]} 71. h5 Bc3 {[%clk 0:54:43]} 72. Nd7 Kh7 {[%clk 0:54:43]} 73.
Nf6+ Kg7 {[%clk 0:54:43]} 74. h6+ Kf7 {[%clk 0:54:43]} 75. g6+ 1-0

[Event "68. Unterfränkische Einzelmeisterschaft 2017"]
[Site "Sailauf in Ufr."]
[Date "2017.04.19"]
[Round "4.5"]
[White "Link, Klaus"]
[Black "Basel, Matthias"]
[Result "1/2-1/2"]
[BlackElo "2090"]
[WhiteElo "1957"]
[LiveChessVersion "1.4.8"]

1. e4 {[%clk 1:30:57]} g6 {[%clk 1:30:56]} 2. d4 {[%clk 1:31:21]} Bg7
{[%clk 1:31:23]} 3. Nc3 {[%clk 1:31:45]} d6 {[%clk 1:31:48]} 4. f4
{[%clk 1:32:05]} c5 {[%clk 1:30:16]} 5. Bb5+ {[%clk 1:30:59]} Bd7
{[%clk 1:30:32]} 6. Bxd7+ {[%clk 1:31:05]} Nxd7 {[%clk 1:30:54]} 7. Nf3
{[%clk 1:31:16]} cxd4 {[%clk 1:28:14]} 8. Nxd4 {[%clk 1:30:33]} Qb6
{[%clk 1:23:35]} 9. Be3 {[%clk 1:25:20]} Rc8 {[%clk 1:04:33]} 10. Nd5
{[%clk 1:12:53]} Qa5+ {[%clk 1:02:12]} 11. c3 {[%clk 1:09:21]} e6
{[%clk 0:59:43]} 12. Nb3 {[%clk 1:01:47]} Qa4 {[%clk 0:54:46]} 13. Nb4
{[%clk 0:58:28]} a5 {[%clk 0:47:06]} 14. Nc2 {[%clk 0:52:27]} Ngf6
{[%clk 0:46:13]} 15. Qd4 {[%clk 0:43:19]} Qxd4 {[%clk 0:44:53]} 16. Ncxd4
{[%clk 0:38:59]} a4 {[%clk 0:43:37]} 17. Nd2 1/2-1/2

[Event "68. Unterfränkische Einzelmeisterschaft 2017"]
[Site "Sailauf in Ufr."]
[Date "2017.04.19"]
[Round "4.6"]
[White "Grod, Andreas"]
[Black "Link, Robert"]
[Result "1/2-1/2"]
[BlackElo "1867"]
[WhiteElo "2005"]
[LiveChessVersion "1.4.8"]

1. e4 {[%clk 1:30:54]} c5 {[%clk 1:30:52]} 2. Nf3 {[%clk 1:31:19]} e6
{[%clk 1:31:10]} 3. d4 {[%clk 1:30:32]} cxd4 {[%clk 1:31:32]} 4. Nxd4
{[%clk 1:30:49]} Nf6 {[%clk 1:31:21]} 5. Bd3 {[%clk 1:30:10]} Nc6
{[%clk 1:31:05]} 6. Nf3 {[%clk 1:30:01]} d5 {[%clk 1:28:41]} 7. exd5
{[%clk 1:28:50]} exd5 {[%clk 1:27:16]} 8. O-O {[%clk 1:28:10]} Be7
{[%clk 1:26:51]} 9. Nc3 {[%clk 1:26:09]} O-O {[%clk 1:26:20]} 10. Bf4
{[%clk 1:25:20]} Bg4 {[%clk 1:23:19]} 11. h3 {[%clk 1:24:31]} Bh5
{[%clk 1:22:57]} 12. Be2 {[%clk 1:21:08]} h6 {[%clk 1:18:43]} 13. Nd4
{[%clk 0:56:53]} Bg6 {[%clk 1:14:36]} 14. Ncb5 {[%clk 0:46:01]} Nxd4
{[%clk 1:10:17]} 15. Nxd4 {[%clk 0:46:11]} Bd6 {[%clk 1:04:29]} 16. Bxd6
{[%clk 0:39:30]} Qxd6 {[%clk 1:03:58]} 17. c3 {[%clk 0:37:27]} a6
{[%clk 1:02:58]} 18. Qb3 {[%clk 0:35:27]} Rab8 {[%clk 0:55:07]} 19. Rad1
{[%clk 0:33:25]} b5 {[%clk 0:54:36]} 20. a3 {[%clk 0:33:33]} Qc5 {[%clk 0:47:26]}
21. Rfe1 {[%clk 0:25:25]} Ne4 {[%clk 0:44:10]} 22. Bf1 {[%clk 0:18:38]} 1/2-1/2

[Event "68. Unterfränkische Einzelmeisterschaft 2017"]
[Site "Sailauf in Ufr."]
[Date "2017.04.19"]
[Round "4.7"]
[White "Hamlack, Heinz"]
[Black "Markert, Markus"]
[Result "1-0"]
[BlackElo "1992"]
[WhiteElo "2003"]
[LiveChessVersion "1.4.8"]

1. Nf3 {[%clk 1:30:57]} c5 {[%clk 1:29:44]} 2. c4 {[%clk 1:31:05]} Nc6
{[%clk 1:30:09]} 3. g3 {[%clk 1:31:29]} Nf6 {[%clk 1:30:25]} 4. Nc3
{[%clk 1:31:50]} g6 {[%clk 1:27:54]} 5. Bg2 {[%clk 1:31:52]} Bg7 {[%clk 1:27:51]}
6. O-O {[%clk 1:32:01]} O-O {[%clk 1:27:03]} 7. d3 {[%clk 1:32:12]} d6
{[%clk 1:24:53]} 8. Bg5 {[%clk 1:29:40]} h6 {[%clk 1:20:37]} 9. Bd2
{[%clk 1:29:48]} Rb8 {[%clk 1:17:55]} 10. a3 {[%clk 1:29:09]} Kh7
{[%clk 1:17:03]} 11. Rb1 {[%clk 1:29:19]} Bd7 {[%clk 1:08:59]} 12. b4
{[%clk 1:29:06]} b6 {[%clk 1:09:22]} 13. b5 {[%clk 1:28:58]} Nd4 {[%clk 1:03:41]}
14. Nxd4 {[%clk 1:29:21]} cxd4 {[%clk 1:04:06]} 15. Na2 {[%clk 1:29:40]} Rc8
{[%clk 0:57:02]} 16. Nb4 {[%clk 1:29:42]} Re8 {[%clk 0:55:00]} 17. Na6
{[%clk 1:29:43]} e5 {[%clk 0:52:15]} 18. Bb7 {[%clk 1:29:51]} Bh3
{[%clk 0:51:08]} 19. Re1 {[%clk 1:29:43]} d5 {[%clk 0:46:38]} 20. Bxc8
{[%clk 1:28:14]} Qxc8 {[%clk 0:46:47]} 21. cxd5 {[%clk 1:16:45]} Qf5
{[%clk 0:39:35]} 22. Nb4 {[%clk 1:12:20]} e4 {[%clk 0:36:12]} 23. dxe4
{[%clk 1:07:48]} Nxe4 {[%clk 0:28:07]} 24. Nd3 {[%clk 1:07:23]} Nxf2
{[%clk 0:23:55]} 25. Nxf2 {[%clk 1:07:24]} Re4 {[%clk 0:16:24]} 26. Rb3
{[%clk 1:05:54]} d3 27. Rxd3 Bd4 28. Rf3 Bxf2+ 29. Kxf2 Qh5 30. Kg1 Bg4 31. Rxf7+
Kg8 32. Ref1 Bf5 33. R7xf5 gxf5 34. e3 Qh3 35. Qf3 Rg4 36. d6 1-0

[Event "68. Unterfränkische Einzelmeisterschaft 2017"]
[Site "Sailauf in Ufr."]
[Date "2017.04.19"]
[Round "4.8"]
[White "Mueller, Lutz"]
[Black "Krenz, Dieter"]
[Result "1-0"]
[BlackElo "1928"]
[WhiteElo "2043"]
[LiveChessVersion "1.4.8"]

1. d4 {[%clk 1:30:59]} d5 {[%clk 1:30:53]} 2. Nf3 {[%clk 1:31:24]} Nf6 3. e3 Bf5
{[%clk 1:29:29]} 4. c4 {[%clk 1:31:47]} e6 {[%clk 1:29:42]} 5. Nc3
{[%clk 1:32:08]} c6 {[%clk 1:25:07]} 6. Qb3 {[%clk 1:32:01]} b6 {[%clk 1:25:15]}
7. Ne5 {[%clk 1:32:11]} Bd6 {[%clk 1:23:09]} 8. Be2 {[%clk 1:20:56]} h6
{[%clk 1:22:37]} 9. O-O {[%clk 1:16:17]} O-O {[%clk 1:22:49]} 10. cxd5
{[%clk 1:12:52]} exd5 {[%clk 1:20:26]} 11. a4 {[%clk 1:10:31]} Bxe5
{[%clk 1:12:49]} 12. dxe5 {[%clk 1:10:56]} Nfd7 {[%clk 1:12:18]} 13. f4
{[%clk 1:04:57]} Nc5 {[%clk 1:12:23]} 14. Qd1 {[%clk 1:05:01]} Nbd7
{[%clk 1:11:49]} 15. g4 {[%clk 0:52:19]} Be4 {[%clk 1:03:48]} 16. b4
{[%clk 0:50:04]} Ne6 {[%clk 1:01:32]} 17. Nxe4 {[%clk 0:49:32]} dxe4 18. Qc2 c5
{[%clk 0:52:52]} 19. Qxe4 {[%clk 0:42:27]} cxb4 {[%clk 0:52:11]} 20. Qxb4
{[%clk 0:40:45]} Ndc5 21. Rd1 Qh4 22. Kg2 f5 23. Qe1 Qe7 24. Ba3 Rac8 25. gxf5
Rxf5 26. Bg4 Rff8 27. Rd6 Nxf4+ 28. exf4 Rxf4 29. Bxc8 Qg5+ 30. Qg3 Qxe5 31. Rd8+
Kh7 32. Re1 Ne4 33. Bc1 Qa5 34. Qxf4 1-0

[Event "68. Unterfränkische Einzelmeisterschaft 2017"]
[Site "Sailauf in Ufr."]
[Date "2017.04.20"]
[Round "5.1"]
[White "Hofstetter, Hans-Joachim"]
[Black "Amtmann, Florian"]
[Result "1/2-1/2"]
[BlackElo "2047"]
[WhiteElo "2243"]
[LiveChessVersion "1.4.8"]

1. Nf3 Nf6 2. d4 g6 3. g3 Bg7 4. Bg2 O-O 5. c4 d6 6. O-O Nbd7 7. Nc3 e5 8. h3
exd4 9. Nxd4 Nb6 10. Qd3 Nfd7 11. b3 Nc5 12. Qd2 c6 13. Bb2 Qe7 14. Rad1 Qc7 15.
e4 {[%clk 0:49:56]} a5 {[%clk 0:40:10]} 16. Nce2 {[%clk 0:34:35]} Re8
{[%clk 0:36:02]} 17. f3 {[%clk 0:29:25]} a4 {[%clk 0:33:24]} 18. Qc2
{[%clk 0:19:57]} axb3 {[%clk 0:30:33]} 19. axb3 {[%clk 0:20:07]} Bd7
{[%clk 0:30:03]} 20. Kh2 {[%clk 0:17:43]} Bc8 {[%clk 0:22:31]} 21. Ra1
{[%clk 0:14:54]} Bd7 {[%clk 0:22:04]} 22. Rad1 {[%clk 0:15:16]} Bc8
{[%clk 0:21:45]} 23. Ra1 {[%clk 0:15:28]} Bd7 1/2-1/2

[Event "68. Unterfränkische Einzelmeisterschaft 2017"]
[Site "Sailauf in Ufr."]
[Date "2017.04.20"]
[Round "5.2"]
[White "Helgert, Johannes"]
[Black "Kuhn, Tobias"]
[Result "0-1"]
[BlackElo "2207"]
[WhiteElo "2036"]
[LiveChessVersion "1.4.8"]

1. d4 Nf6 2. c4 g6 3. Nc3 d5 4. Nf3 Bg7 5. Qb3 dxc4 6. Qxc4 O-O 7. e4 Nc6 8. Be2
Nd7 9. Be3 Nb6 10. Qd3 Bg4 11. Rd1 Bxf3 12. gxf3 e5 13. d5 Nd4 14. h4 c6
{[%clk 0:57:04]} 15. dxc6 {[%clk 0:48:14]} bxc6 {[%clk 0:56:58]} 16. f4
{[%clk 0:45:04]} Qe7 {[%clk 0:46:11]} 17. Bxd4 {[%clk 0:27:51]} exd4
{[%clk 0:46:26]} 18. Nb1 {[%clk 0:28:06]} c5 {[%clk 0:41:43]} 19. Nd2
{[%clk 0:25:29]} c4 {[%clk 0:41:10]} 20. Nxc4 {[%clk 0:20:28]} Nxc4
{[%clk 0:41:32]} 21. Qxc4 {[%clk 0:20:56]} Qxe4 {[%clk 0:41:46]} 22. f3
{[%clk 0:20:47]} Qxf4 {[%clk 0:41:43]} 23. h5 {[%clk 0:20:36]} Rac8
{[%clk 0:35:03]} 24. Qb5 {[%clk 0:19:03]} Rb8 {[%clk 0:34:10]} 25. Qd7
{[%clk 0:18:14]} Rxb2 {[%clk 0:33:51]} 26. hxg6 {[%clk 0:17:48]} Rxe2+
{[%clk 0:34:07]} 0-1

[Event "68. Unterfränkische Einzelmeisterschaft 2017"]
[Site "Sailauf in Ufr."]
[Date "2017.04.20"]
[Round "5.3"]
[White "Schricker, Jochen"]
[Black "Braeutigam, Thomas"]
[Result "1/2-1/2"]
[BlackElo "2069"]
[WhiteElo "2014"]
[LiveChessVersion "1.4.8"]

1. Nf3 {[%clk 1:30:58]} Nf6 {[%clk 1:30:14]} 2. g3 {[%clk 1:30:52]} b6
{[%clk 1:28:38]} 3. Bg2 {[%clk 1:31:06]} Bb7 {[%clk 1:29:01]} 4. b3
{[%clk 1:30:58]} e6 {[%clk 1:29:06]} 5. Bb2 {[%clk 1:31:13]} Be7 {[%clk 1:29:26]}
6. O-O {[%clk 1:31:29]} O-O {[%clk 1:29:46]} 7. d3 {[%clk 1:30:31]} d5
{[%clk 1:20:04]} 8. Nbd2 {[%clk 1:29:34]} c5 {[%clk 1:19:44]} 9. e4
{[%clk 1:26:35]} Nc6 {[%clk 1:16:37]} 10. Ne5 {[%clk 1:07:21]} Nxe5
{[%clk 1:13:19]} 11. Bxe5 {[%clk 1:07:40]} Nd7 {[%clk 1:07:04]} 12. Bb2
{[%clk 1:02:41]} d4 {[%clk 0:55:19]} 13. f4 {[%clk 1:00:53]} e5 {[%clk 0:49:50]}
14. a4 {[%clk 0:56:33]} Qc7 {[%clk 0:45:33]} 15. Nc4 {[%clk 0:53:10]} a6
{[%clk 0:41:00]} 16. Bh3 {[%clk 0:45:42]} b5 {[%clk 0:37:04]} 17. Nxe5
{[%clk 0:45:35]} Nxe5 {[%clk 0:37:22]} 18. fxe5 {[%clk 0:46:03]} Qxe5
{[%clk 0:36:32]} 19. Bc1 {[%clk 0:46:32]} Qc7 {[%clk 0:32:08]} 20. Qh5
{[%clk 0:39:55]} Bc8 {[%clk 0:29:37]} 21. Bf4 {[%clk 0:39:43]} Qb6
{[%clk 0:28:49]} 22. Bg2 {[%clk 0:29:38]} Bb7 {[%clk 0:26:00]} 23. Bg5
{[%clk 0:21:22]} 1/2-1/2

[Event "68. Unterfränkische Einzelmeisterschaft 2017"]
[Site "Sailauf in Ufr."]
[Date "2017.04.20"]
[Round "5.4"]
[White "Gould, Charles"]
[Black "Grod, Andreas"]
[Result "1/2-1/2"]
[BlackElo "2005"]
[WhiteElo "2006"]
[LiveChessVersion "1.4.8"]

1. f4 {[%clk 1:29:54]} d5 {[%clk 1:30:15]} 2. b3 {[%clk 1:30:23]} c5
{[%clk 1:29:55]} 3. e3 {[%clk 1:29:59]} Nf6 {[%clk 1:29:27]} 4. Bb2
{[%clk 1:28:43]} e6 {[%clk 1:28:59]} 5. Nf3 {[%clk 1:28:56]} a6 {[%clk 1:27:07]}
6. Be2 {[%clk 1:27:26]} Be7 {[%clk 1:26:41]} 7. O-O {[%clk 1:27:25]} O-O
{[%clk 1:26:32]} 8. Qe1 {[%clk 1:27:06]} Nc6 {[%clk 1:24:42]} 9. d3
{[%clk 1:27:08]} b5 {[%clk 1:20:26]} 10. Nbd2 {[%clk 1:27:05]} Bb7
{[%clk 1:15:17]} 11. Ne5 {[%clk 1:24:11]} Nd7 {[%clk 1:02:49]} 12. Qg3
{[%clk 1:21:25]} Ndxe5 {[%clk 0:58:32]} 13. fxe5 {[%clk 1:21:34]} d4
{[%clk 0:56:10]} 14. e4 {[%clk 1:19:43]} Bh4 {[%clk 0:55:48]} 15. Qh3
{[%clk 1:18:43]} Nxe5 {[%clk 0:54:16]} 16. Ba3 {[%clk 1:12:32]} Rc8
{[%clk 0:47:21]} 17. Nf3 {[%clk 1:12:08]} Bf6 {[%clk 0:43:28]} 18. Qg3
{[%clk 1:08:49]} Qd6 {[%clk 0:34:01]} 19. Kh1 {[%clk 1:06:41]} Rfd8
{[%clk 0:32:22]} 20. Bc1 {[%clk 1:04:12]} Nc6 {[%clk 0:29:47]} 21. Bf4
{[%clk 0:56:26]} e5 {[%clk 0:27:45]} 22. Bh6 {[%clk 0:55:36]} Kh8
{[%clk 0:25:31]} 23. Bg5 {[%clk 0:55:01]} Be7 {[%clk 0:22:37]} 24. Bd2
{[%clk 0:51:55]} Rc7 {[%clk 0:19:15]} 25. Rf2 {[%clk 0:50:11]} Bc8
{[%clk 0:16:48]} 26. Raf1 {[%clk 0:48:26]} 1/2-1/2

[Event "68. Unterfränkische Einzelmeisterschaft 2017"]
[Site "Sailauf in Ufr."]
[Date "2017.04.20"]
[Round "5.5"]
[White "Link, Robert"]
[Black "Link, Klaus"]
[Result "1/2-1/2"]
[BlackElo "1957"]
[WhiteElo "1867"]
[LiveChessVersion "1.4.8"]

1. e4 {[%clk 1:30:57]} g6 {[%clk 1:30:56]} 2. d4 {[%clk 1:31:19]} Bg7
{[%clk 1:31:21]} 3. Nc3 {[%clk 1:31:30]} d6 {[%clk 1:31:45]} 4. f4
{[%clk 1:31:37]} Nf6 {[%clk 1:31:59]} 5. Nf3 {[%clk 1:31:19]} O-O
{[%clk 1:32:18]} 6. e5 {[%clk 1:31:15]} Nfd7 {[%clk 1:32:30]} 7. h4
{[%clk 1:30:38]} c5 {[%clk 1:32:21]} 8. h5 {[%clk 1:29:59]} cxd4 {[%clk 1:32:34]}
9. hxg6 {[%clk 1:29:38]} dxc3 {[%clk 1:31:35]} 10. gxf7+ {[%clk 1:29:20]} Rxf7
{[%clk 1:31:49]} 11. Bc4 {[%clk 1:29:09]} Nf8 {[%clk 1:31:58]} 12. Bxf7+
{[%clk 1:29:01]} Kxf7 {[%clk 1:32:13]} 13. Ng5+ {[%clk 1:28:54]} Kg8
{[%clk 1:32:27]} 14. Qh5 {[%clk 1:28:50]} h6 {[%clk 1:32:11]} 15. Qf7+
{[%clk 1:28:50]} Kh8 {[%clk 1:32:33]} 16. Qb3 {[%clk 1:28:17]} Qa5
{[%clk 1:32:39]} 17. Nf7+ {[%clk 1:28:08]} Kh7 {[%clk 1:32:13]} 18. Ng5+
{[%clk 1:28:07]} Kh8 {[%clk 1:32:37]} 19. Nf7+ {[%clk 1:28:29]} Kh7
{[%clk 1:33:02]} 20. Ng5+ {[%clk 1:28:52]} Kh8 {[%clk 1:33:27]} 21. Nf7+ 1/2-1/2